canzoni di Paky - Statistics

Statistiche generali
  • Questo quiz è stato fatto 54 volte
  • Il punteggio medio è 20 su 35
Statistiche sulle risposte
Album Anno Feat Risposta % Corretto
- 2019 - Rozzi
81%
Salvatore 2022 - Salvatore
81%
Salvatore 2022 - Mi manchi
75%
- 2019 Shiva Tuta black
75%
Salvatore 2022 Geolier Comandamento
69%
- 2020 Shiva In piazza
69%
Salvatore 2022 Shiva Star
69%
Salvatore vive 2022 - Belen
63%
Salvatore 2022 - Intro
63%
Salvatore vive 2022 Jul La bellavita
63%
Salvatore 2022 Marracash No wallet
63%
Salvatore 2022 - Salvatore vive
63%
Salvatore vive 2022 Finem Tirana
63%
Salvatore 2022 - Vita sbagliata
63%
Salvatore 2022 - 100 uomini
56%
Salvatore 2022 - Auto tedesca
56%
- 2022 - Blauer
56%
Salvatore 2022 - Blauer
56%
- 2020 Kermit Boss
56%
- 2025 Simba la rue Gangsta shit
56%
- 2019 Kermit Non scherzare
56%
Salvatore 2022 Gue Vivi o muori
56%
Salvatore 2022 Luche, Mahmood Giorno del giudizio
50%
- 2025 - HD
50%
- 2022 - Mama i'm a criminal
50%
Salvatore 2022 - Mama i'm a criminal
50%
Salvatore 2022 - Quando piove
50%
- 2022 Night Skinny Storie tristi
50%
Salvatore 2022 - Storie tristi
50%
Salvatore vive 2022 - Onore e rispetto
44%
- 2023 - Paky freestyle 2
44%
- 2024 - Street life
44%
Salvatore 2022 - Bronx
38%
Salvatore 2022 - Pascià
38%
- 2022 - Sharm el sheikh
38%
Nessun quiz corrispondente trovato
Distribuzione punteggi
Percentuale di utenti per punteggio
Percentile per numero di risposta
I tuoi punteggi nel tempo
Non hai fatto questo quiz